Welcome to the Holygrace Academy Library

Please use search bar below to get started

THE CANTERVILLE GHOST (Record no. 5048)

MARC details
000 -LEADER
fixed length control field 00599nam a22001457a 4500
020 ## - INTERNATIONAL STANDARD BOOK NUMBER
ISBN 978-93-5036-302-7
082 ## - DEWEY DECIMAL CLASSIFICATION NUMBER
Classification number 823
Item number WIL/C
100 ## - MAIN ENTRY--AUTHOR NAME
Personal name WILDE, OSCAR
245 ## - TITLE STATEMENT
Title THE CANTERVILLE GHOST
260 ## - PUBLICATION, DISTRIBUTION, ETC. (IMPRINT)
Place of publication DELHI
Name of publisher RATNA SAGAR
Year of publication 2013
300 ## - PHYSICAL DESCRIPTION
Number of Pages 96
520 ## - SUMMARY, ETC.
Summary, etc It is a humorous short story. It follows an American family moving into a haunted castle despite being warned about supernatural activities. An ancient castle of Canterville Chase is haunted by a terrifying ghost. The Otis family moves into the castle even though they are warned of the ghost.
650 ## - SUBJECT ADDED ENTRY--TOPICAL TERM
Topical Term NOVEL
Geographic subdivision INDIA
942 ## - ADDED ENTRY ELEMENTS (KOHA)
Koha item type Books
Holdings
Withdrawn status Lost status Collection code Home library Current library Shelving location Date acquired Source of acquisition Cost, normal purchase price Full call number Accession Number Koha item type
    Fiction Main Library Main Library SHELF 15B-U,V,W SECTION NOVELS& FICTION 05/11/2019 purchase 109.00 823 WIL/C 11880 Books
    Fiction Main Library Main Library SHELF 15B-U,V,W SECTION NOVELS& FICTION 05/10/2017 purchase 109.00 823 WIL/C 10031 Books
    Fiction Main Library Main Library SHELF 15B-U,V,W SECTION NOVELS& FICTION 23/07/2019 purchase 109.00 823 WIL/C 11488 Books